LEADER 01031nam 2200265la 450 001 9910481901403321 005 20221102155941.0 035 $a(UK-CbPIL)2090300068 035 $a(CKB)5500000000086857 035 $a(EXLCZ)995500000000086857 100 $a20221102d1654 uy | 101 0 $adut 135 $aurcn||||a|bb| 200 13$a'T Wonderlyk leven, klugtige daden, en dappre schimp-ernst van Lazarus van Tormes ... Uit Spaans ... door D.D. Harvy vertaalt 210 $aUtrecht $cSimon de Vries$d1654 215 $aOnline resource (8°) 300 $aReproduction of original in Koninklijke Bibliotheek, Nationale bibliotheek van Nederland. 700 $aHurtado de Mendoza$b Diego$f1503-1575.$0131910 701 $aLuna$b Juan de$fapproximately 1585.$0867688 801 0$bUk-CbPIL 801 1$bUk-CbPIL 906 $aBOOK 912 $a9910481901403321 996 $aT Wonderlyk leven, klugtige daden, en dappre schimp-ernst van Lazarus van Tormes ... Uit Spaans ... door D.D. Harvy vertaalt$91936648 997 $aUNINA